| 000 | 00734nam a22001697a 4500 | ||
|---|---|---|---|
| 005 | 20150801020002.0 | ||
| 008 | 130722b2012 ck ||||| |||| 00| 0 spa d | ||
| 041 | _aspa | ||
| 044 | _ack | ||
| 082 |
_a577.687 _bR43p |
||
| 110 |
_aParques Nacionales Naturales de Colombia _bDirección territorial Orinoquía _9699 |
||
| 245 | _aPropuesta para la restauración ecológica de los Parques Nacionales Naturales en el área de manejo especial La Macarena a través de procesos de relocalización voluntaria | ||
| 260 |
_aBogotá _bParques Nacionales Naturales de Colombia _c2012 |
||
| 300 |
_a12 p. _bil., _c28 cm. |
||
| 650 |
_aEcología forestal _zParque Nacional Natural Sierra de la Macarena (Colombia) _9700 |
||
| 942 |
_2ddc _cIMPRESO _01 |
||
| 999 |
_c7407 _d7407 |
||